000 01274nab a22002297a 4500
999 _c5621
_d5621
003 OSt
005 20251222231155.0
008 190429b xxu||||| |||| 00| 0 spa d
040 _cPJ
100 _96595
_aSarde, Sebastián M.
245 1 0 _aCapacidad jurídica de los penados con pena privativa de libertad por más de tres años y su intervención en juicio. Aspectos normativos y procesales /
_cSebastián M. Sarde.
260 _cCiudad Autónoma de Buenos Aires :
_aThomson Reuters La Ley,
_b2025.
300 _ap. 80-85
500 _aCita: TR LALEY AR/DOC/1253/2025.
505 _aSumario: I. Introducción.— II. La inhabilitación a la capacidad de ejercicio impuesta por el art. 12 del Cód. Penal: evolución normativa e interpretación doctrinaria.— III. La restricción de la capacidad y su impacto en el proceso civil y comercial.— IV. Conclusión.
505 _tSi te interesa el texto completo, solicitalo a koha@justierradelfuego.gov.ar
650 0 _9343
_aDERECHO PENAL
650 0 _92348
_aPROCESO PENAL
650 0 _93926
_aRESTRICCIONES A LA CAPACIDAD
773 0 _02658
_93164
_tRevista de derecho penal y criminología. Nº 11 - Diciembre 2025
_dCiudad Autónoma de Buenos Aires : Thomson Reuters La Ley, 2017-
_x00347914
942 _2udc
_cANA